Caracterización de la evaluación del desempeño de los docentes en dos Universidades de Santo Domingo (Universidad Autónoma de Santo Domingo e Instituto Tecnológico de Santo Domingo). Año 2001. (Record no. 2227)
[ view plain ]
| 000 -LEADER | |
|---|---|
| campo de control de longitud fija | 03133nam a2200553Ia 4500 |
| 001 - NÚMERO DE CONTROL | |
| campo de control | 2373 |
| 008 - DATOS DE LONGITUD FIJA--INFORMACIÓN GENERAL | |
| campo de control de longitud fija | 241029s9999 xx 000 0 und d |
| 010 ## - NÚMERO DE CONTROL DE LA BIBLIOTECA DEL CONGRESO | |
| Número de control de LC | 2227 |
| 041 ## - CÓDIGO DE IDIOMA | |
| Código de lengua del texto/banda sonora o título independiente | Español |
| 082 ## - NÚMERO DE LA CLASIFICACIÓN DECIMAL DEWEY | |
| Número de clasificación | MA-ES 0018 FH 2002 |
| 245 #0 - MENCIÓN DEL TÍTULO | |
| Título | Caracterización de la evaluación del desempeño de los docentes en dos Universidades de Santo Domingo (Universidad Autónoma de Santo Domingo e Instituto Tecnológico de Santo Domingo). Año 2001. |
| 260 ## - PUBLICACIÓN, DISTRIBUCIÓN, ETC. | |
| Lugar de publicación, distribución, etc. | Santo Domingo |
| 300 ## - DESCRIPCIÓN FÍSICA | |
| Extensión | 127 |
| 520 ## - RESUMEN, ETC. | |
| Sumario, etc. | 33 |
| 520 ## - RESUMEN, ETC. | |
| Sumario, etc. | El objetivo principal de la investigación consistió en distinguir los rasgos que caracterizan la evaluación del desempeño docente en la Universidad Autónoma de Santo Domingo y el Instituto Tecnológico de Santo Domingo, en los recintos de Santo Domingo en el año 2001.La investigación se enmarcó en un diseño metodológico, analítico y descriptivo, basada en la investigación de campo, dirigidas hacia una población: de la Universidad Autónoma de Santo Domingo, cien (100) docentes, cien (100) estudiantes, diez (10) coordinadores/as, cinco (5) directores, tres (3) empleados del personal de evaluación y del Instituto Tecnológico De Santo Domingo sesenta (60) profesores, sesenta (60) estudiantes, cuatro (4) coordinadores, un (1) empleado de evaluación. La recolección de datos se hizo mediante cuestionarios y entrevistas.El estudio determinó que los rasgos que caracterizan la evaluación son: que la evaluación se hace en virtud de cinco (5) criterios básicos; cumplimiento de reglamentaciones, conducción del proceso enseñanza-aprendizaje, dominio de asignatura y actualización, capacidad para evaluar y relación con los estudiantes.El estudio recomienda, que se haga una mejor labor de promoción de calidad educativa en las Instituciones, de modo que los docentes que resulten con bajas calificaciones sean sometidos a enfrentamientos que le permitan mejorar en las áreas deficitarias. Y además junto a ésta, una labor de información y motivación de modo que los docentes que obtengan resultados favorables sean reconocidos. |
| 630 ## - PUNTO DE ACCESO ADICIONAL DE MATERIA--TÍTULO UNIFORME | |
| Título uniforme | Docentes Universitarios |
| 630 ## - PUNTO DE ACCESO ADICIONAL DE MATERIA--TÍTULO UNIFORME | |
| Título uniforme | Evaluación |
| 630 ## - PUNTO DE ACCESO ADICIONAL DE MATERIA--TÍTULO UNIFORME | |
| Título uniforme | Evaluación del Desempeño |
| 650 ## - PUNTO DE ACCESO ADICIONAL DE MATERIA--TÉRMINO DE MATERIA | |
| Término de materia o nombre geográfico como elemento de entrada | Evaluación |
| 690 ## - PUNTO DE ACCESO ADICIONAL DE MATERIA LOCAL--TÉRMINO DE MATERIA (OCLC, RLIN) | |
| Término de materia o nombre geográfico como elemento inicial | Elaborado |
| 700 ## - ENTRADA AGREGADA--NOMBRE PERSONAL | |
| Término indicativo de función/relación | asesor |
| Nombre de persona | Moquete de la Rosa, Jacobo |
| 700 ## - ENTRADA AGREGADA--NOMBRE PERSONAL | |
| Término indicativo de función/relación | autor |
| Nombre de persona | Castro Araujo, Eugenia A. |
| 700 ## - ENTRADA AGREGADA--NOMBRE PERSONAL | |
| Término indicativo de función/relación | autor |
| Nombre de persona | Castro Araujo, Lucia |
| 901 ## - ELEMENTOS DE DATOS A LOCAL LDA (RLIN) | |
| a | {"1":"Castro Araujo","2":"Castro Araujo"} |
| b | {"1":"Eugenia A. ","2":"Lucia"} |
| 902 ## - ELEMENTOS DE DATOS B LOCAL, LDB (RLIN) | |
| a | 1 |
| 903 ## - ELEMENTOS DE DATOS C LOCAL, LDC (RLIN) | |
| a | {"1":"Moquete de la Rosa"} |
| b | {"1":"Jacobo"} |
| 904 ## - ELEMENTOS DE DATOS D LOCAL, LDD (RLIN) | |
| a | Maestría en |
| 905 ## - ELEMENTOS DE DATOS E LOCAL, LDE (RLIN) | |
| a | Enseñanza Superior |
| 906 ## - ELEMENTOS DE DATOS F LOCAL, LDF (RLIN) | |
| a | 2 |
| 907 ## - ELEMENTOS DE DATOS G LOCAL, LDG (RLIN) | |
| a | NO APLICA |
| 908 ## - COLOCAR PARÁMETRO DE COMANDO (RLIN) | |
| Colocar parámetro de comando | NO APLICA |
| 909 ## - | |
| -- | Universidad Autónoma de Santo Domingo (UASD) |
| 910 ## - DATOS DE OPCIÓN DEL USUARIO (OCLC) | |
| Datos de opción del usuario | NULL |
| -- | NULL |
| 911 ## - EQUIVALENCIA O REFERENCIA-CRUZADA-NOMBRE DE CONFERENCIA O REUNIÓN/CONGRESO [LOCAL, CANADÁ] | |
| Nombre de congreso/reunión o jurisdicción como elemento de entrada | ["1"] |
| 912 ## - | |
| -- | NO APLICA |
| 913 ## - | |
| -- | NULL |
| 914 ## - | |
| -- | 02 de Septiembre de 2002 |
| 915 ## - | |
| -- | 17/11/19 08:11 |
| 916 ## - | |
| -- | NULL |
| 917 ## - | |
| -- | NULL |
| 918 ## - | |
| -- | NO APLICA |
| 919 ## - | |
| -- | ["71","97","100"] |
| 921 ## - | |
| -- | 16 |
| 922 ## - | |
| -- | 16 |
| 923 ## - | |
| -- | 0 |
| 924 ## - | |
| -- | NO APLICA |
| 942 ## - ELEMENTOS DE ENTRADA SECUNDARIOS (KOHA) | |
| Tipo de ítem Koha | |
No items available.